000
00219nam a2200109Ia 4500
100
_a
#N/A
942
_c
BK
245
_a
LEGO DIGITAL DESIGNER ; Karoshi game special
260
_b
#N/A
546
_a
ENGLISH
999
_c
20065
_d
20065